|
|
|
|
| LEADER |
00985nam a22002297a 4500 |
| 001 |
13373 |
| 003 |
BD-DhAAL |
| 005 |
20180719165014.0 |
| 008 |
180719t1994 bg a|||| |||| 000 0 ben d |
| 999 |
|
|
|c 39861
|d 39861
|
| 040 |
|
|
|a BD-DhAAL
|
| 082 |
|
|
|a 891.44095492
|2 22
|
| 100 |
|
|
|a শর্মা, দ্বিজেন
|9 6567
|
| 245 |
|
|
|a মম দুঃখের সাধন /
|c দ্বিজেন শর্মা
|
| 260 |
|
|
|a ঢাকা :
|b সাহানা,
|c ১৯৯৪
|
| 300 |
|
|
|a ১১৫ পৃষ্ঠা :
|c ২২ সে. মি.
|
| 526 |
|
|
|a ARC
|
| 541 |
|
|
|e 33414
|
| 650 |
|
|
|a Bengali essays
|9 27562
|
| 852 |
|
|
|a Department of Architecture
|c General Stacks
|
| 942 |
|
|
|2 ddc
|c BK
|
| 952 |
|
|
|0 0
|1 1
|2 ddc
|4 0
|6 891_440954920000000_SAR
|7 0
|9 63867
|a ARC
|b ARC
|c GEN
|d 2018-07-19
|l 0
|o 891.44095492 SAR
|p 3010033414
|r 2018-07-19
|w 2018-07-19
|y BK
|x lost from the ARC department library and approved by the Dean (reasons personal books withdrawn by Hasibul Kabir Sir and Building shifting)
|